Top 10 Środkowych Napastników w Historii Futbolu - Statystyki

Ogólne statystyki
  • Ten quiz został rozwiązany 251 razy
  • Średni wynik to 8 z 10
Statystyki odpowiedzi
Lp. Prime Kraj Odpowiedź % Poprawnych
2 XXI wiek Portugalia Cristiano Ronaldo Najwięcej bramek w historii, kompletny jako napastnik, wcześniej wybitny skrzydłowy. AVG 1.07 w Realu i 0.83 w podupadającym Juve mówią same za siebie
99%
1 Lata 60. Brazylia Pele Napastnik kompletny wyprzedający swoje czasy
99%
8 Druga Połowa Lat 90. Brazylia Ronaldo Nazario Kolejny wielki talent sponiewierany kontuzjami
98%
7 druga dekada XXI wieku Polska Robert Lewandowski nie licząc Cristiano, najlepszy napastnik współczesnej ery, niesamowicie równy poziom - aż 12 sezonów z 25+ bramek, moralny zwycięzca Złotych Piłek 2020 i 2021
96%
10 druga dekada XXI wieku Urugwaj Luis Suarez Zdolniejszy od Lewego, ale bardziej niestabilna kariera
92%
5 Lata 70. Niemcy Gerd Muller Uosobienie bezlitosnej dziewiątki wykorzystującej każdą okazję, ikona Bayernu i niemieckiej piłki, AVG 1.10 w reprezentacji to kosmos
88%
3 Lata 60. Portugalia Eusebio Szybki, silny, zwinny, piekielnie skuteczny, AVG 1.06 dla Benfiki
84%
4 Przełom lat 80. i 90. Holandia Marco Van Basten Wyjątkowy talent zniszczony przez kontuzje (ostatni mecz w wieku 28 lat), mimo to 3x Złota Piłka i mistrz Europy
72%
9 Lata 90. Brazylia Romario Nawalał tych bramek jak dziki, ale nie za dużo czasu spędził w Europie
46%
6 Lata 30./40. Austria, Czechosłowacja Josef Bican Najlepszy snajper szkoły naddunajskiej, AVG 1.93 w Slavii Praga, 1.26 w Rapidzie Wiedeń, aż trudno w to uwierzyć
20%
Nie znaleziono quizów pasujących do podanych kryteriów
Rozkład punktacji
Procent ludzi z każdym wynikiem
Percentyl według liczby udzielonych odpowiedzi
Twoja historia wyników
Nie rozwiązałeś tego quizu